Problems in mathematical analysis

Αποθηκεύτηκε σε:
Λεπτομέρειες βιβλιογραφικής εγγραφής
Κύριος συγγραφέας: Rivkind, IA. I. (IAkov Iosifovich)
Συγγραφή απο Οργανισμό/Αρχή: Scripta Technica, inc (Μεταφραστής)
Μορφή: Βιβλίο
Γλώσσα:English
Undetermined
Δημοσίευση: P. Noordhoff : Groningen : Scientific Publishers ; The Netherlands ; [19--].
Θέματα:
Ετικέτες: Προσθήκη ετικέτας
Δεν υπάρχουν, Καταχωρήστε ετικέτα πρώτοι!

MARC

LEADER 00000cam a2200000 a 4500
001 1/108462
008 150908s19uu####ne | ||| |||| ||eng||
040 |a GR-MyUa  |b gre  |c GR-MyUa  |e AACR2 
041 1 |a eng  |h und 
082 7 |a 515.0712   |2 (23) 
100 1 |a Rivkind, IA. I.   |q (IAkov Iosifovich) 
245 1 0 |a Problems in mathematical analysis /   |c Ya. I. Rivkind ; Translated by Scripta Technica, Inc. 
260 |a P. Noordhoff :   |b Scientific Publishers ;   |a Groningen :   |b The Netherlands ;   |c [19--].  
300 |a 98 σ. :   |b σχέδια ;   |c 22 εκ.  
650 0 |a Mathematical analysis  |x Problems, exercises, etc. 
710 2 |a Scripta Technica, inc.  |e trl 
852 |a INST  |b SAMOS  |c MAG  |e 20150908  |h 515.0712 RIV  |p 005300035276  |q 005300035276  |t BK  |y 0 
970 |a Σιτζίμη  |b Γιασεμή   |z 08/09/2015